| 000 | 00622nam a2200145Ia 4500 | ||
|---|---|---|---|
| 008 | 151213s9999 xx 000 0 und d | ||
| 100 | _aসোনিয়া নিশাত তানিম। | ||
| 245 |
_aবাংঙগালি মুসলিম নারীর আধুনিকায়ন। _cসোনিয়া নিশাত তানিম। |
||
| 260 |
_aঢাকা _bবাংলা একাডেমী। _c2002 |
||
| 300 | _a8810 p. | ||
| 650 | _aBangla | ||
| 650 | _aআলোচনা গ্রন্থ। | ||
| 700 | _aসোনিয়া নিশাত তানিম। | ||
| 999 |
_c4595 _d4595 |
||